Slovak regions by highest points - Statistics

General Stats
  • This quiz has been taken 16 times
  • The average score is 7 of 8
Answer Stats
Rank Elevation (m) Name Answer % Correct
3 2046 Ďumbier Banskobystrický kraj
100%
1 2654 Gerlachovský štit Prešovský kraj
100%
2 2495 Kriváň Žilinský kraj
100%
4 1476 Stolica Košický kraj
91%
5 1346 Vtáčnik Trenčiansky kraj
91%
8 754 Vysoká Bratislavský kraj
82%
6 943 Panská javorina Nitriansky kraj
82%
7 767 Záruby Trnavský kraj
82%
No matching quizzes found
Score Distribution
Percent of People with Each Score
Percentile by Number Answered
Your Score History
You have not taken this quiz